Despotic bodies and transgressive bodies (Record no. 107913)
[ view plain ]
| 000 -LEADER | |
|---|---|
| fixed length control field | 01679nam a2200397Ia 4500 |
| 082 04 - DEWEY DECIMAL CLASSIFICATION NUMBER | |
| Classification number | 700/.1/0309460901 |
| 100 1# - MAIN ENTRY--AUTHOR NAME | |
| Personal name | Pavlovic, Tatjana. |
| 245 10 - TITLE STATEMENT | |
| Title | Despotic bodies and transgressive bodies |
| 260 ## - PUBLICATION, DISTRIBUTION, ETC. (IMPRINT) | |
| Place of publication | Albany, NY : |
| Name of publisher | State University of New York Press, |
| Year of publication | c2003. |
| 300 ## - PHYSICAL DESCRIPTION | |
| Number of Pages | vii, 159 p. |
| 650 #0 - SUBJECT ADDED ENTRY--TOPICAL TERM | |
| Topical Term | Arts |
| Topical Term | Arts, Spanish |
| Topical Term | Fascism and culture |
| Topical Term | Gender identity in art. |
| Topical Term | Human body |
| Topical Term | Popular culture |
| 856 40 - ELECTRONIC LOCATION AND ACCESS | |
| Uniform Resource Identifier | http://site.ebrary.com/lib/rucke/Doc?id=10587256 |
No items available.
